| Tag |
First Indicator |
Second Indicator |
Subfields |
| LEADER |
00000cas a2200000 a 4500 |
| 001 |
in00005786521 |
| 005 |
20260629163644.7 |
| 008 |
750516d19581961nyumx p 0 a0eng c |
| 010 |
|
|
|a 58004917
|z sn 85006464
|
| 040 |
|
|
|a NSD
|b eng
|c NSD
|d NSD
|d DLC
|d NST
|d CRL
|d SYB
|d DLC
|d OCLCQ
|d HEBIS
|d DEBBG
|d GBVCP
|d OCLCF
|d OCLCO
|d OCLCQ
|d UKMGB
|d PUL
|d OCLCL
|d OCLCQ
|d OCLCL
|d OCLCQ
|
| 012 |
|
|
|a 2
|e n
|i 8904
|j 1
|
| 016 |
7 |
|
|a 010952098
|2 DE-101
|
| 016 |
7 |
|
|a 160835-6
|2 DE-600
|
| 016 |
7 |
|
|a 012751041
|2 Uk
|
| 019 |
|
|
|a 60390156
|a 1063581926
|a 1242776807
|a 1246504225
|
| 022 |
0 |
|
|a 0097-2142
|2 j
|
| 023 |
0 |
|
|a 0097-2142
|2 j
|
| 035 |
|
|
|a (OCoLC)1337997
|z (OCoLC)60390156
|z (OCoLC)1063581926
|z (OCoLC)1242776807
|z (OCoLC)1246504225
|
| 041 |
1 |
|
|a eng
|h rus
|
| 042 |
|
|
|a nsdp
|a pcc
|
| 050 |
0 |
0 |
|a TK7800
|b .R413
|
| 130 |
0 |
|
|a Radiotekhnika i ėlektronika (Moscow, Russia).
|l English.
|
| 210 |
0 |
|
|a Radio eng. electron.
|
| 222 |
|
0 |
|a Radio engineering and electronics
|
| 245 |
1 |
0 |
|a Radio engineering and electronics =
|b Radiotekhnika i elektronika.
|
| 246 |
1 |
1 |
|a Radiotekhnika i ėlektronika
|
| 264 |
|
1 |
|a New York :
|b Pergamon Press,
|c [1958]-1961.
|
| 264 |
4 |
|
|c ©1958-
|
| 300 |
|
|
|a 4 volumes :
|b illustrations ;
|c 26 cm
|
| 310 |
|
|
|a Twelve issues yearly
|
| 336 |
|
|
|a text
|b txt
|2 rdacontent
|
| 337 |
|
|
|a unmediated
|b n
|2 rdamedia
|
| 338 |
|
|
|a volume
|b nc
|2 rdacarrier
|
| 362 |
0 |
|
|a Vol. 2, no. 1-v. 5, no. 12.
|
| 500 |
|
|
|a Title from cover.
|
| 550 |
|
|
|a Published for the Pergamon Institute.
|
| 580 |
|
|
|a Translation of: Radiotekhnika i ėlektronika.
|
| 650 |
|
0 |
|a Electronics
|v Periodicals.
|
| 650 |
|
0 |
|a Radio
|v Periodicals.
|
| 650 |
|
7 |
|a Electronics.
|2 fast
|0 (OCoLC)fst00907538
|
| 650 |
|
7 |
|a Radio.
|2 fast
|0 (OCoLC)fst01087053
|
| 655 |
|
7 |
|a Periodicals.
|2 fast
|0 (OCoLC)fst01411641
|
| 655 |
|
7 |
|a Periodicals.
|2 lcgft
|0 http://id.loc.gov/authorities/genreForms/gf2014026139
|0 (uri) http://id.loc.gov/authorities/genreForms/gf2014026139
|
| 710 |
2 |
|
|a Pergamon Institute.
|1 https://id.oclc.org/worldcat/entity/E39QH7Jmq6hHpxqKv6PMXfpTB6
|
| 765 |
1 |
|
|t Radiotekhnika i ėlektronika (Moscow, Russia)
|x 0033-8494
|w (DLC) 58045654
|w (OCoLC)1713885
|
| 785 |
0 |
0 |
|t Radiotekhnika i ėlektronika (Moscow, Russia). English. Radio engineering and electronic physics
|x 0033-7889
|w (DLC) 89646039
|w (OCoLC)6335866
|
| 850 |
|
|
|a CaMWU
|a CaOOG
|a DLC
|a DeU
|a LU
|a NcRS
|a TxDaM
|a ViBlbV
|
| 029 |
1 |
|
|a AU@
|b 000004371116
|
| 029 |
1 |
|
|a AU@
|b 000007252397
|
| 029 |
1 |
|
|a AU@
|b 000045680538
|
| 029 |
1 |
|
|a AU@
|b 000045966863
|
| 029 |
1 |
|
|a NLGGC
|b 042304555
|
| 029 |
1 |
|
|a ZWZ
|b 036660264
|
| 029 |
1 |
|
|a UKMGB
|b 012751041
|
| 994 |
|
|
|a Z0
|b TXA
|
| 948 |
|
|
|h NO HOLDINGS IN TXA - 92 OTHER HOLDINGS
|
| 999 |
f |
f |
|i 975589fb-7aae-425d-a8c7-19b460d66a38
|s 631c3528-ed54-4015-ba60-dddaa0505f9b
|t 0
|
| 952 |
f |
f |
|a Texas A&M University
|b Rellis Campus
|c Joint Library Facility
|d Remote Storage
|e TK7800 .R413
|h Library of Congress classification
|i unmediated -- volume
|k v.2:nos.1-6
|l 1957
|m A14850694820
|p ric
|s JLF
|t 0
|
| 952 |
f |
f |
|a Texas A&M University
|b Rellis Campus
|c Joint Library Facility
|d Remote Storage
|e TK7800 .R413
|h Library of Congress classification
|i unmediated -- volume
|k v.3:nos.1-6
|l 1958
|m A14850694846
|p ric
|s JLF
|t 0
|
| 952 |
f |
f |
|a Texas A&M University
|b Rellis Campus
|c Joint Library Facility
|d Remote Storage
|e TK7800 .R413
|h Library of Congress classification
|i unmediated -- volume
|k v.3:nos.7-12
|l 1958
|m A14850694853
|p ric
|s JLF
|t 0
|
| 952 |
f |
f |
|a Texas A&M University
|b Rellis Campus
|c Joint Library Facility
|d Remote Storage
|e TK7800 .R413
|h Library of Congress classification
|i unmediated -- volume
|k v.4:nos.1-6
|l 1959
|m A14850694861
|p ric
|s JLF
|t 0
|
| 952 |
f |
f |
|a Texas A&M University
|b Rellis Campus
|c Joint Library Facility
|d Remote Storage
|e TK7800 .R413
|h Library of Congress classification
|i unmediated -- volume
|k v.5:nos.7-12
|l 1960
|m A14850694895
|p ric
|s JLF
|t 0
|
| 952 |
f |
f |
|a Texas A&M University
|b Rellis Campus
|c Joint Library Facility
|d Remote Storage
|e TK7800 .R413
|h Library of Congress classification
|i unmediated -- volume
|k v.4:nos.7-12
|l 1959
|m A14850694879
|p ric
|s JLF
|t 0
|
| 952 |
f |
f |
|a Texas A&M University
|b Rellis Campus
|c Joint Library Facility
|d Remote Storage
|e TK7800 .R413
|h Library of Congress classification
|i unmediated -- volume
|k v.5:nos.1-6
|l 1960
|m A14850694887
|p ric
|s JLF
|t 0
|
| 952 |
f |
f |
|a Texas A&M University
|b Rellis Campus
|c Joint Library Facility
|d Remote Storage
|e TK7800 .R413
|h Library of Congress classification
|i unmediated -- volume
|k v.2:nos.7-12
|l 1957
|m A14850694838
|p ric
|s JLF
|t 0
|
| 998 |
f |
f |
|a TK7800 .R413
|s v.2-5 (1957-1960)
|t 0
|l Remote Storage
|